1388 1185 1808 1042 1704 1001 1659 1466 1165 1123 1900 1466 1854 1012 1234 1100 1009 1882 1218 1680 1187 1705 1207 1161 1402 1250 1561 1200 1289 1565 1921 1146 1952 1748 1952 1092 1109 1985 1969 1689 1430 1672 1656 1406 1084 1468 1637 1936 1642 1759 1110 1733 1649 1536 1863 1989 1163 1284 1532 1764 1662 1622 1846 1888 1240 1081 1498 1571 1531 1765 1332 1688 1413 1314 1663 1562 1309 1624 1741 1642 1158 1332 1537 1805 1011 1463 1322 1839 1123 1681 1230 1111 1425 1694 1247 1147 1059 1063 1383 BCNSPRNW ULIB Ver.6.0+V

เปลี่ยนเป็นภาษาไทย

Change to English
 แสดงรายละเอียดบรรณานุกรม
  กลับหน้าหลัก

Brief Record : Get Marc (ISO 2709) : E-mail record : QR code < ปิดหน้าต่าง
LEADER : 00000nam 2200000uu 4500
001    13399114011
003     ULIB
008    120125s2543||||th 000 0 tha d
020    ^a9745893471
060 04 ^aWA108^bส867ก 2543
100 0  ^aสุรีย์ จันทรโมลี
245 10 ^aกลวิธีทางสุขภาพ =^bHealth strategy /^cสุรีย์ จันทรโมลี
246 31 ^aHealth strategy
250    ^aพิมพ์ครั้งที่ 3
260    ^aม.ป.ท. :^bภาควิชาสุขศึกษาและพฤติกรรมศาสตร์มหาวิทยาลัยมหิดล,^c2543
300    ^a160 หน้า ;^c29 ซม.
650  7 ^aพฤติกรรมสุขภาพ
650  7 ^aสุขศึกษา
650  7 ^aการสัมภาษณ์
945    ^p0^l0^i8783
995    ^aกัณชพร
999    ^aใช้งานได้ทุกระบบ
รายการนี้ยังไม่มีแท็ก
คุณยังไม่ได้ล็อกอิน คุณสามารถมีกิจกรรมร่วมกับเว็บไซต์ได้ แต่ต้องล็อกอินก่อน ::
  ล็อกอิน

รายการสื่อสารสนเทศ

ลำดับที่ ประเภท เลขเรียก/บาร์โค้ด สถานที่ สถานะ
- ไม่พบข้อมูล -

รายการใกล้เคียง
    ผู้แต่ง [สุรีย์ จันทรโมลี]

    หัวเรื่อง [พฤติกรรมสุขภาพ]
    หัวเรื่อง [สุขศึกษา]
    หัวเรื่อง [การสัมภาษณ์]

BibComment


ยังไม่เคยถูกคอมเมนท์

คอมเมนท์ทรัพยากรรายการนี้
  คอมเมนท์: กลวิธีทางสุขภาพ ..


 Copyright 2026. Bcnsprnw @Library